000 01576nam a2200241Ia 4500
003 Ost
005 20260507074954.0
008 260507s9999||||xx |||||||||||||| ||und||
040 _cfsecg
041 _aara
082 _a659.2
100 _aجودة، محفوظ أحمد
_eمؤلف
245 0 _aالعلاقات العامة :
_bمفاهيم وممارسات /
_c محفوظ أحمد جودة
250 _aطبعة 4
260 _aعمان:
_bدار زهران للنشر والتوزيع,
_c2006
300 _a527 صفحة؛
_bإيضاحات ؛
_c25 سم
504 _aفهرس الحالات الدراسية:ص.11؛فهرس الجداول:ص.12-13؛فهرس الأشكال:ص.14-15
520 _aمفهوم وأهمية العلاقات العامة،تنظيم العلاقات العامة،بحوث العلاقات العامة،التخطيط في العلاقات العامة،الاتصالات،وسائل الاتصال في العلاقات العامة،العلاقات مع جماهير المنشأة،إدارة الأزمات،التقييم في العلاقات العامة،الرأي العام والاتجاهات،العلاقات العامة في الأجهزة الحكومية،البروتوكول الدبلوماسي والاجتماعي،الكتابة في العلاقات العامة،العلاقات العامة عبر الانترنت،نظم معلومات العلاقات العامة
653 _aالاعلان
653 _aالرأي العام
653 _aالعلاقات العامة
942 _cكتاب
999 _c42017
_d42017